Online
Catalog

Windows 98 ¡fácil! / (Record no. 1615)

MARC details
000 -CABECERA
campo de control de longitud fija 00873cam a2200241 a 4500
001 - NÚMERO DE CONTROL
campo de control 000001737
005 - FECHA Y HORA DE LA ÚLTIMA TRANSACCIÓN
campo de control 20251020130153.0
008 - DATOS DE LONGITUD FIJA--INFORMACIÓN GENERAL
campo de control de longitud fija 980716s1998 mx a 001 0 spa
020 ## - NÚMERO INTERNACIONAL ESTÁNDAR DEL LIBRO
Número Internacional Estándar del Libro 9701701976
040 ## - FUENTE DE LA CATALOGACIÓN
Centro catalogador/agencia de origen DO-SdBNP
Centro/agencia transcriptor DLC
Centro/agencia modificador DLC
041 17 - CÓDIGO DE LENGUA
Código de lengua del texto/banda sonora o título independiente eng
Código de lengua original spa
Fuente del código Código de idioma MARC
082 ## - NÚMERO DE LA CLASIFICACIÓN DECIMAL DEWEY
Número de clasificación 005.43
Número de documento/Ítem M143w
100 1# - ENTRADA PRINCIPAL--NOMBRE DE PERSONA
Nombre de persona McFedries, Paul.
9 (RLIN) 5649
245 14 - MENCIÓN DE TÍTULO
Título Windows 98 ¡fácil! /
Mención de responsabilidad, etc. Paul McFedries ; traducción, Luis Óscar Madrigal Muñiz.
260 ## - PUBLICACIÓN, DISTRIBUCIÓN, ETC.
Lugar de publicación, distribución, etc. México :
Nombre del editor, distribuidor, etc. Prentice-Hall Hispanoamericana,
Fecha de publicación, distribución, etc. 1998.
300 ## - DESCRIPCIÓN FÍSICA
Extensión 408 p. :
Otras características físicas il. ;
Dimensiones 23 cm.
500 ## - NOTA GENERAL
Nota general Incluye índice.
500 ## - NOTA GENERAL
Nota general Título original: The complete idiot's guide to windows 98
650 #0 - PUNTO DE ACCESO ADICIONAL DE MATERIA--TÉRMINO DE MATERIA
Término de materia o nombre geográfico como elemento de entrada Sistemas operativos (Computadoras)
9 (RLIN) 101
650 #4 - PUNTO DE ACCESO ADICIONAL DE MATERIA--TÉRMINO DE MATERIA
Término de materia o nombre geográfico como elemento de entrada Microsoft windows (progrma para computador)
9 (RLIN) 5650
700 1# - PUNTO DE ACCESO ADICIONAL--NOMBRE DE PERSONA
Nombre de persona Madrigal Muñiz, Luis Óscar
Término indicativo de función/relación tr.
9 (RLIN) 5651
910 ## - DATOS DE OPCIÓN DEL USUARIO (OCLC)
Datos de opción del usuario Catalogación por copia / LC
Holdings
Estado de retiro Estado de pérdida Restricciones de uso No para préstamo Código de colección Localización permanente Ubicación/localización actual Ubicación en estantería Fecha de adquisición Fuente de adquisición Número de inventario Total de préstamos Signatura topográfica completa Código de barras Fecha visto por última vez Precio válido a partir de Tipo de ítem Koha
    Préstamo interno   Monografías: Libros y Folletos General General Depósito 07.07.2009 002344 LF1   005.43 M143w 1737-10 25.06.2020 25.06.2020 Préstamo interno

Powered by Koha